00535nam a2200205Ia 4500008004100000050001800041050002100059100003200080245002000112245003100132250001600163260001300179260003200192260000900224300001600233300001100249300001100260500004000271650001800311160216s9999 xx 000 0 und d aFIL QA 276.45 b.M53C75 2010 c.1 aCrisostomo, Conchita Camba. aSpreadsheets /  cConchita Camba Crisostomo. a6th Edition aManila : b3K-IT Educational Services, c2010 a145 pages : bill. ; c23 cm. aInludes bibliographical references. aSpreedsheets.